2022 NFL First Round Draft Picks - Statistics

General Stats
  • This quiz has been taken 48 times
  • The average score is 24 of 32
Answer Stats
Pick Player Team % Correct
2 Aidan Hutchinson Lions
100%
22 Quay Walker Packers
100%
1 Travon Walker Jags
100%
4 Ahmad "Sauce" Gardner Jets
98%
3 Derek Stingley Texans
98%
10 Garrett Wilson Jets
98%
8 Drake London Falcons
95%
11 Chris Olave Saints
93%
12 Jameson Williams Lions
90%
7 Evan Neal Giants
88%
14 Kyle Hamilton Ravens
88%
9 Charles Cross Seahawks
85%
5 Kayvon Thibodeaux Giants
85%
13 Jordan Davis Eagles
78%
20 Kenny Pickett Steelers
73%
6 Ikem Ekwonu Panthers
70%
16 Jahan Dotson Commanders
68%
21 Trent McDuffie Chiefs
65%
31 Daxton Hill Bengals
63%
26 Jermaine Johnson Jets
63%
18 Treylon Burks Titans
63%
24 Tyler Smith Cowboys
63%
17 Zion Johnson Chargers
63%
29 Cole Strange Pats
60%
32 Lewis Cine Vikings
60%
15 Kenyon Green Texans
58%
19 Trevor Penning Saints
55%
25 Tyler Linderbaum Ravens
55%
27 Devin Lloyd Jags
53%
30 George Karlaftis Chiefs
53%
23 Kaiir Elam Bills
48%
28 Devonte Wyatt Packers
43%
No matching quizzes found
Score Distribution
Percent of People with Each Score
Percentile by Number Answered
Your Score History
You have not taken this quiz